POVLAKOVÉ KRYTINY PLOCHÝCH STRIECH

Podrobná bibliografia
Hlavní autori: Laščeková, Lenka (Autor), Peráčková, Jana, 1961- (Autor)
Médium: Článok
Jazyk:slovenčina

MARC

LEADER 00000nab a2200000 a 4500
001 vtls011120207
003 SK-MaSNL
005 20260303145458.0
008 230222|2011 xo |||||||||||||||||slo|
015 |a SNBRB 
035 |a (uuid)cbe834b6-76bd-487d-bf6e-69d41fb618d3 
035 |a (urnnbn)urn:nbn:sk:snk:ar-a08p9t 
035 |a urn:nbn:sk:snk-ab9qsh 
040 |a SNKBUCL  |b slo  |c SNKBUCL  |e AACR2 
041 0 |a slo 
044 |a xo  |c SK 
100 1 |a Laščeková, Lenka  |4 aut  |9 1168033 
245 1 0 |a POVLAKOVÉ KRYTINY PLOCHÝCH STRIECH  |c Lenka Laščeková, Jana Peráčková 
700 1 |a Peráčková, Jana,  |d 1961-  |4 aut  |9 200060 
773 0 |t Správca bytových domov : odborný časopis zaoberajúci sa správou bytových domov  |g Roč. 6, č. 3 (2011), s. 32-34 
954 |a odborná, vedecká literatúra pôvodná (slovenská)  |2 lita 
958 |a OND 
958 |a EUIPO 
958 |a article13 
999 |c 2003263  |d 2005193